00318nam a2200097Ia 4500082001800000245007700018100005800095942000700153008004100160999001900201 aR 822.33 JULI 0aJulius Caesar [by] William Shakespeare : second language, a study guide  a SHAKESPEARE, William Craighall, 1992 913219 cBK210817s9999 xx 000 0 und d c411562d411561